[Event "Marseille"]
[Site "Marseille"]
[Date "1987.??.??"]
[Round "?"]
[White "Haik, Aldo"]
[Black "Kouatly, Bachar"]
[Result "0-1"]
[WhiteElo "2445"]
[BlackElo "2470"]

1.d4 Nf6 2.c4 g6 3.Nc3 d5 4.cxd5 Nxd5 5.e4 Nxc3 6.bxc3 Bg7 7.Bc4 b6 8.h4 e5
9.Ne2 Bb7 10.Qd3 Nc6 11.Bd5 Qd7 12.h5 exd4 13.h6 Bf6 14.Qf3 Be5 15.cxd4 Nxd4
16.Nxd4 Bxd5 17.exd5 Bxd4 18.Rb1 O-O-O 19.O-O Qxd5 20.Qa3 Kb7 21.Bf4 c5 22.Rfd1 Rhe8
23.Be3 Re4 24.Bxd4 Rxd4 25.Re1 Rd7 26.Qg3 f5 27.a4 Rg4 28.Qh3 Rxa4 29.Rbd1 Rd4
30.Ra1 Rd3 31.Qh4 Qd4 32.Qh2 Qxa1  0-1

[Event "Moscow ch"]
[Site "Moscow"]
[Date "1987.??.??"]
[Round "?"]
[White "Naumkin, Igor"]
[Black "Nikolenko, Oleg"]
[Result "1/2-1/2"]
[WhiteElo "2445"]
[BlackElo "2405"]

1.d4 Nf6 2.c4 g6 3.Nc3 d5 4.cxd5 Nxd5 5.e4 Nxc3 6.bxc3 Bg7 7.Bc4 c5 8.Ne2 Nc6
9.Be3 O-O 10.O-O Qc7 11.Rc1 Rd8 12.Bf4 Qd7 13.d5 Na5 14.Bd3 b6 15.c4 e5 16.Bd2 Nb7
17.Bc3 Nd6 18.f4 Re8 19.Qd2 Ba6 20.Bb2 Re7 21.f5 f6 22.Ng3 Rf8 23.Rc3 Qe8
24.Be2 Bc8 25.Bc1 Bd7 26.Ra3 Bc8 27.Qc2 Rff7 28.h4 Rf8 29.Raf3 Bd7 30.R3f2 Qc8
31.fxg6 hxg6 32.h5 f5 33.hxg6 f4 34.Nh5 Qe8 35.Bb2 Bh8 36.Bd3 Qxg6 37.Nxf4 Rxf4
38.Rxf4 exf4 39.Bxh8 Kxh8 40.e5 Bf5  1/2-1/2

[Event "Moscow ch"]
[Site "Moscow"]
[Date "1987.??.??"]
[Round "?"]
[White "Vyzmanavin, Alexey"]
[Black "Nikolenko, Oleg"]
[Result "1-0"]
[WhiteElo "2485"]
[BlackElo "2405"]

1.d4 Nf6 2.c4 g6 3.Nc3 d5 4.cxd5 Nxd5 5.e4 Nxc3 6.bxc3 Bg7 7.Bc4 c5 8.Ne2 O-O
9.O-O Nc6 10.Be3 Qc7 11.Rc1 Rd8 12.Bf4 Qd7 13.d5 Na5 14.Bd3 b6 15.Bg5 h6
16.Be3 e6 17.c4 Ba6 18.Nf4 e5 19.Ne2 Nb7 20.Qd2 h5 21.Bh6 Bf6 22.f4 Nd6 23.f5 Qe7
24.fxg6 fxg6 25.Rxf6 Qxf6 26.Rf1 Qh4 27.Ng3 Nf7 28.Rxf7 Kxf7 29.Bg5 Qg4 30.Be2 Qd7
31.Qc3 Re8 32.Bxh5 gxh5 33.Qf3+ Kg8 34.Nxh5 Rf8 35.Qg3 Kh7 36.Qh4 Kg6 37.Be7 Rf7
38.Nf6  1-0

[Event "Namestovo"]
[Site "Namestovo"]
[Date "1987.??.??"]
[Round "7"]
[White "Naumkin, Igor"]
[Black "Lechtynsky, Jiri"]
[Result "1-0"]
[WhiteElo "2470"]
[BlackElo "2455"]

1.d4 Nf6 2.c4 g6 3.Nc3 d5 4.cxd5 Nxd5 5.e4 Nxc3 6.bxc3 Bg7 7.Bc4 O-O 8.Ne2 c5
9.O-O Nc6 10.Be3 Qc7 11.Rc1 Rd8 12.Bf4 Qd7 13.d5 Na5 14.Bd3 b5 15.Bg5 Bb7
16.Qd2 Rdc8 17.Bh6 Nc4 18.Bxc4 Bxh6 19.Qxh6 bxc4 20.Rcd1 e6 21.Ng3 Qe7 22.Rd2 exd5
23.exd5 Rd8 24.Rfd1 Qe5 25.Qe3 Qxe3 26.fxe3 Rac8 27.e4 f6 28.Kf2 Kf7 29.Kf3 Rc7
30.Kf4 Re8 31.Rb1 Bc8 32.Rb5 Bd7 33.Ra5 Re5 34.Ke3 Be8 35.Rf2 Kg7 36.Ra6 Rd7
37.Rfxf6 Rdxd5 38.Rfd6 Rxd6 39.Rxd6 Re7 40.Ne2 Rb7 41.Nf4 Bf7 42.h4 h6 43.e5 Rb2
44.e6 Be8 45.Nd5 g5 46.hxg5 hxg5 47.g4 Rxa2 48.Rd7+ Kh6 49.Nf6 Ra6 50.Re7 Ba4
51.Ke4 Kg6 52.Ke5 Bd1 53.Rd7 Ba4 54.Rc7 Rb6 55.Rxa7 Bc6 56.Rc7 Ra6 57.Nd7 Be4
58.Nf8+ Kh6 59.Kxe4 Ra7  1-0

[Event "Namestovo"]
[Site "Namestovo"]
[Date "1987.??.??"]
[Round "8"]
[White "Lechtynsky, Jiri"]
[Black "Jansa, Vlastimil"]
[Result "1/2-1/2"]
[WhiteElo "2455"]
[BlackElo "2465"]

1.d4 Nf6 2.c4 g6 3.Nc3 d5 4.cxd5 Nxd5 5.e4 Nxc3 6.bxc3 Bg7 7.Bc4 O-O 8.Ne2 c5
9.O-O Nc6 10.Be3 Bg4 11.f3 Na5 12.Bd3 cxd4 13.cxd4 Be6 14.d5 Bxa1 15.Qxa1 f6
16.Rb1 Bd7 17.Bh6 Rf7 18.e5 fxe5 19.Qxe5 Rc8 20.Bd2 Rc5 21.Qd4 b6 22.Bb4 Rc8
23.Bc3 Rf6 24.Ng3 Rxc3 25.Qxc3 Qc8 26.Qd4 Nb7 27.Ne4 Rf7 28.Re1 Nd6 29.Ng5 Rg7
30.g4 h6 31.Ne6 Bxe6 32.Rxe6 Qc1+ 33.Kf2 h5 34.Bxg6 hxg4 35.fxg4 Qg5 36.Bh5 Nf5
37.Qe5 Qd2+ 38.Kf1 Qd1+  1/2-1/2

[Event "Namestovo"]
[Site "Namestovo"]
[Date "1987.??.??"]
[Round "9"]
[White "Naumkin, Igor"]
[Black "Mokry, Karel"]
[Result "1-0"]
[WhiteElo "2470"]
[BlackElo "2485"]

1.d4 Nf6 2.c4 g6 3.Nc3 d5 4.cxd5 Nxd5 5.e4 Nxc3 6.bxc3 Bg7 7.Bc4 c5 8.Ne2 Nc6
9.Be3 O-O 10.O-O Bg4 11.f3 Na5 12.Bd3 cxd4 13.cxd4 Be6 14.Rc1 Bxa2 15.Qa4 Be6
16.d5 Bd7 17.Qb4 e6 18.Nc3 exd5 19.exd5 Re8 20.Bf2 b5 21.Ne4 Nb7 22.Bxb5 a5
23.Qa4 Bxb5 24.Qxb5 Nd6 25.Qa4 Nxe4 26.fxe4 Be5 27.Rc6 Qb8 28.h3 Qb4 29.Qc2 Rad8
30.Bh4 Rd7 31.Rc8 Qf8 32.Rxe8 Qxe8 33.Qc6 Kg7 34.Kh1 h6 35.Be1 Qd8 36.Bxa5 Qe7
37.Bb4 Qd8 38.Bc3 Bxc3 39.Qxc3+ Kh7 40.d6 Ra7 41.Qd4 Qd7 42.Rb1 Qa4 43.Qe5 Qa2
44.Rd1 Qb3 45.Rc1 Rd7 46.Qd4 Qa3 47.Rc8  1-0

[Event "Netanya op"]
[Site "Netanya"]
[Date "1987.??.??"]
[Round "6"]
[White "Schoen, Wolfram"]
[Black "Birnboim, Nathan"]
[Result "1/2-1/2"]
[WhiteElo "2440"]
[BlackElo "2465"]

1.d4 Nf6 2.c4 g6 3.Nc3 d5 4.cxd5 Nxd5 5.e4 Nxc3 6.bxc3 Bg7 7.Bc4 O-O 8.Ne2 c5
9.Be3 Nc6 10.O-O Bg4 11.f3 Na5 12.Bd3 cxd4 13.cxd4 Be6 14.d5 Bxa1 15.Qxa1 f6
16.Rb1 Bd7 17.e5 e6 18.Bh6 Re8 19.exf6 Kf7 20.Bg5 exd5 21.Qd4 b6 22.Qh4 Rh8
23.Nf4 Qf8 24.Kh1 Qc5 25.Qh6 Rag8 26.Re1 Nc6 27.h4 Qf8 28.Qxf8+ Rxf8 29.Nxd5 h6
30.Bc1 Re8 31.Ne7 Nxe7 32.Bc4+ Nd5 33.Bxd5+ Be6 34.Bc6 Rc8 35.Bb5 Rc5 36.a4 g5
37.Ba3 Rc3 38.Bb4 Rc2 39.h5 Kxf6 40.Bd3 Rcc8 41.Ba6 Rc2 42.Bd3 Rc5 43.Bxc5 bxc5
44.f4 c4 45.fxg5+ hxg5 46.Bg6 Bg4 47.Kg1 Bxh5 48.Bxh5 Rxh5 49.Re8 Rh4 50.a5 Rd4
51.Kf2 c3 52.Rc8 Rd2+ 53.Ke1 Rc2 54.Kd1 Rd2+ 55.Ke1 Ra2 56.Rxc3 Rxa5 57.Kf2 Rf5+
58.Ke3 Re5+ 59.Kf3 a5 60.Rc8 Rb5 61.Kg4 Rb4+ 62.Kg3 a4 63.Ra8 g4 64.Ra5 Ke6
65.Kf2 Kd6 66.Ke3 Kc6 67.Kd3 Kb6 68.Ra8 Rb3+ 69.Kc4 Re3 70.Kd4 Ra3 71.Kc4 g3
72.Rg8 Re3  1/2-1/2

[Event "New York op"]
[Site "New York"]
[Date "1987.??.??"]
[Round "?"]
[White "Whitehead, Jay E"]
[Black "Fernandez Garcia, Jose L"]
[Result "1/2-1/2"]
[WhiteElo "2420"]
[BlackElo "2450"]

1.d4 Nf6 2.c4 g6 3.Nc3 d5 4.cxd5 Nxd5 5.e4 Nxc3 6.bxc3 Bg7 7.Nf3 c5 8.Rb1 O-O
9.Be2 b6 10.O-O Bb7 11.Qd3 Ba6 12.Qe3 Qc8 13.d5 Bxe2 14.Qxe2 c4 15.Rb4 Nd7
16.Rxc4 Qa6 17.Re1 Nc5 18.Bg5 Rfe8 19.e5 Rad8 20.Rd4 Qxe2 21.Rxe2 f6 22.Bf4 b5
23.exf6 Bxf6 24.Be5 Nd7 25.Bxf6 Nxf6 26.Red2 Rd6 27.Ne5 Rc8 28.R2d3 Rc5 29.a4 bxa4
30.Rxa4 Rdxd5 31.Rxd5 Nxd5 32.Rxa7 Rxc3 33.g3 Rc7 34.Ra6 Rc2 35.h4 Nf6 36.Kg2 Rc5
37.Nd3 Rd5 38.Nf4 Re5 39.Ne6 h6 40.f4 Re2+ 41.Kf3  1/2-1/2

[Event "New York op"]
[Site "New York"]
[Date "1987.??.??"]
[Round "?"]
[White "Whitehead, Jay E"]
[Black "Gulko, Boris F"]
[Result "1-0"]
[WhiteElo "2420"]
[BlackElo "2525"]

1.d4 Nf6 2.c4 g6 3.Nc3 d5 4.cxd5 Nxd5 5.e4 Nxc3 6.bxc3 Bg7 7.Nf3 c5 8.Rb1 O-O
9.Be2 Qa5 10.Qd2 b6 11.O-O Ba6 12.Bxa6 Nxa6 13.Rb3 Rfd8 14.Qd3 c4 15.Qxc4 Qxa2
16.Nd2 Rac8 17.Qe2 Nb8 18.e5 Nc6 19.Bb2 Nxd4 20.cxd4 Rc2 21.Qb5 Rxd2 22.Bc3 Re2
23.g3 e6 24.Ra1 Qc2 25.Rb2 Qxc3 26.Qxe2 Rd7 27.Rd1 Rxd4 28.Rxd4 Qxd4 29.Rd2 Qa1+
30.Rd1 Qa4 31.Rd8+ Bf8 32.Qe3 Kg7 33.Qg5 Qa3 34.Qf6+ Kg8 35.h4 Qc5 36.Rd7 Qc1+
37.Kh2  1-0

[Event "New York op"]
[Site "New York"]
[Date "1987.??.??"]
[Round "?"]
[White "Schoen, Wolfram"]
[Black "Gutman, Lev"]
[Result "1-0"]
[WhiteElo "2440"]
[BlackElo "2530"]

1.d4 Nf6 2.c4 g6 3.Nc3 d5 4.cxd5 Nxd5 5.e4 Nxc3 6.bxc3 Bg7 7.Bc4 c5 8.Ne2 O-O
9.O-O Nd7 10.Be3 Qc7 11.Rc1 Rb8 12.Bb3 e6 13.f4 c4 14.Bc2 Qa5 15.g4 b6 16.f5 exf5
17.gxf5 Bb7 18.d5 Rbe8 19.Qd2 Nf6 20.Ng3 h5 21.Bg5 b5 22.Kg2 Qb6 23.Rce1 b4
24.cxb4 c3 25.Qf4 Ba6 26.d6 Bxf1+ 27.Rxf1 Qc6 28.Bxf6 Bxf6 29.fxg6 Re6 30.Qh6 fxg6
31.Qxg6+ Kh8 32.Qxh5+ Kg8 33.Qg6+ Kh8 34.Rf5  1-0

[Event "URS-ch otbor"]
[Site "Norilsk"]
[Date "1987.??.??"]
[Round "?"]
[White "Moskalenko, Viktor"]
[Black "Epishin, Vladimir"]
[Result "1-0"]
[WhiteElo "2435"]
[BlackElo "2430"]

1.d4 Nf6 2.c4 g6 3.Nc3 d5 4.cxd5 Nxd5 5.e4 Nxc3 6.bxc3 Bg7 7.Bc4 c5 8.Ne2 O-O
9.O-O Nc6 10.Be3 Qc7 11.Rc1 Rd8 12.Qd2 Qa5 13.d5 Ne5 14.Bb3 c4 15.Bc2 e6
16.f4 Nd3 17.Bxd3 cxd3 18.Qxd3 exd5 19.e5 Qxa2 20.Bd4 Bf5 21.Qe3 Be4 22.Rf2 Qc4
23.Ng3 Re8 24.f5 Rac8 25.Rcf1 Qd3 26.Qg5 Rxc3 27.Bxc3 Qxc3 28.e6 f6 29.Qg4 Qe5
30.h4 gxf5 31.Rxf5 Bxf5 32.Nxf5 Qc7 33.Re1 Re7 34.Nxg7 Rxg7 35.Qxg7+ Kxg7
36.e7 Qc5+ 37.Kh1 Qb4 38.e8=Q Qxh4+ 39.Kg1 Qd4+ 40.Re3 Qd1+ 41.Kh2  1-0

[Event "URS-ch otbor"]
[Site "Norilsk"]
[Date "1987.??.??"]
[Round "?"]
[White "Shabalov, Alexander"]
[Black "Huzman, Alexander"]
[Result "0-1"]
[WhiteElo "2375"]
[BlackElo "2500"]

1.d4 Nf6 2.c4 g6 3.Nc3 d5 4.cxd5 Nxd5 5.e4 Nxc3 6.bxc3 Bg7 7.Bc4 c5 8.Ne2 Nc6
9.Be3 O-O 10.O-O Bg4 11.f3 Na5 12.Bd3 cxd4 13.cxd4 Be6 14.Rc1 Bxa2 15.d5 Bb3
16.Qe1 e6 17.Bc5 exd5 18.Bxf8 Bxf8 19.e5 Bc4 20.Rd1 Nc6 21.f4 Qb6+ 22.Kh1 Nb4
23.Bxc4 dxc4 24.Qg3 Nd3 25.f5 Qc7 26.Nc3 Bg7 27.f6 Bf8 28.Ne4 Re8 29.Nd6 Rd8
30.Qe3 Bxd6 31.exd6 Qxd6 32.Rd2 a6 33.Rf3 h5 34.h3 Kh7 35.g4 Qd5 36.gxh5 Qxh5
37.Kg2 Rd5 38.Qe7 Ne1+ 39.Qxe1 Qg5+ 40.Kf1 Rxd2 41.Qe7 Rd1+  0-1

[Event "Philadelphia op"]
[Site "Philadelphia"]
[Date "1987.??.??"]
[Round "?"]
[White "Christiansen, Larry Mark"]
[Black "Stone, Raymond"]
[Result "0-1"]
[WhiteElo "2575"]
[BlackElo "2340"]

1.d4 Nf6 2.c4 g6 3.Nc3 d5 4.cxd5 Nxd5 5.e4 Nxc3 6.bxc3 Bg7 7.Bc4 c5 8.Ne2 O-O
9.O-O Nc6 10.Be3 Na5 11.Bd3 b6 12.Qd2 cxd4 13.cxd4 e6 14.Rad1 Bb7 15.Bg5 Qd7
16.Bh6 Rac8 17.Bxg7 Kxg7 18.Qg5 Qd8 19.Qe5+ Kg8 20.Qf4 Qe7 21.e5 Bd5 22.Ng3 f5
23.exf6 Qxf6 24.Qe3 Qf4 25.Qe2 Nc6 26.Be4 Qf6 27.Rfe1 Nxd4 28.Qd2 Rc4 29.f3 Rd8
30.Kh1 Nc6 31.Qh6 Rc5 32.h3 Rf8 33.Nh5 Qf7 34.Bxd5 exd5 35.Re6 gxh5 36.Rxc6 Rxc6
37.Qxc6 Rd8 38.Rd4 Kg7 39.Qc3 Kg8 40.Qe3 Qf6 41.Rf4 Qd6 42.Rf5 d4 43.Qb3+ Kh8
44.Qb2 Qg6 45.Re5 Qg7 46.Rxh5 d3 47.Qd2 Qd4 48.Rg5 Rc8 49.Rb5 Rc2 50.Qe1 Re2
51.Qc1 d2 52.Qc8+ Kg7 53.Qc7+ Kf6  0-1

[Event "Rubinstein mem"]
[Site "Polanica Zdroj"]
[Date "1987.??.??"]
[Round "?"]
[White "Boensch, Uwe"]
[Black "Thorsteins, Karl"]
[Result "1-0"]
[WhiteElo "2530"]
[BlackElo "2445"]

1.d4 Nf6 2.c4 g6 3.Nc3 d5 4.cxd5 Nxd5 5.e4 Nxc3 6.bxc3 Bg7 7.Bc4 c5 8.Ne2 O-O
9.O-O Nc6 10.Be3 Qc7 11.Rc1 Rd8 12.Qe1 e6 13.Bg5 Re8 14.Qd2 a6 15.e5 b5 16.Bd3 Bb7
17.Rfd1 cxd4 18.cxd4 Qb6 19.Bb1 Rac8 20.Ng3 Na5 21.Nh5 Nc4 22.Rxc4 Rxc4 23.Nxg7 Rec8
24.Nh5 gxh5 25.Bh6 f6 26.exf6 Qc7 27.Qg5+ Kf7 28.Qxh5+ Kg8 29.Qg4+ Kh8 30.Bg7+ Kg8
31.Qxe6+  1-0

[Event "Riga op"]
[Site "Riga"]
[Date "1987.??.??"]
[Round "?"]
[White "Vitolinsh, Alvis"]
[Black "Kengis, Edvins"]
[Result "1-0"]
[WhiteElo "2415"]
[BlackElo "2485"]

1.d4 Nf6 2.c4 g6 3.Nc3 d5 4.cxd5 Nxd5 5.e4 Nxc3 6.bxc3 Bg7 7.Bc4 c5 8.Ne2 Nc6
9.Be3 O-O 10.O-O Qc7 11.Rc1 Rd8 12.Qe1 Qa5 13.e5 e6 14.f4 cxd4 15.Nxd4 Nxd4
16.cxd4 Qxe1 17.Rfxe1 b6 18.Bb3 Bb7 19.Rc7 Rab8 20.g4 a5 21.f5 Bd5 22.Bxd5 Rxd5
23.f6 Bf8 24.Rec1 g5 25.Ra7 Ba3 26.Rcc7 Rf8 27.Kg2 h6 28.Kf3 Bb2 29.Ke4 b5
30.Rc5 Rxc5 31.dxc5 Bc3 32.c6 Rc8 33.c7 Kf8 34.Bc5+ Ke8 35.Bd6 Kd7 36.Rb7 b4
37.Kd3 a4 38.a3  1-0

[Event "Riga op"]
[Site "Riga"]
[Date "1987.??.??"]
[Round "15"]
[White "Vitolinsh, Alvis"]
[Black "Kengis, Edvins"]
[Result "1-0"]
[WhiteElo "2415"]
[BlackElo "2485"]

1.d4 Nf6 2.c4 g6 3.Nc3 d5 4.cxd5 Nxd5 5.e4 Nxc3 6.bxc3 Bg7 7.Bc4 c5 8.Ne2 Nc6
9.Be3 O-O 10.O-O Qc7 11.Rc1 Rd8 12.Qe1 Qa5 13.e5 e6 14.f4 cxd4 15.Nxd4 Nxd4
16.cxd4 Qxe1 17.Rfxe1 b6 18.Bb3 Bb7 19.Rc7 Rab8 20.g4 a5 21.f5 Bd5 22.Bxd5 Rxd5
23.f6 Bf8 24.Rec1 g5 25.Ra7 Ba3 26.Rcc7 Rf8 27.Kg2 h6 28.Kf3 Bb2 29.Ke4 b5
30.Rc5 Rxc5 31.dxc5 Bc3 32.c6 Rc8 33.c7 Kf8 34.Bc5+ Ke8 35.Bd6 Kd7 36.Rb7 b4
37.Kd3 a4 38.a3 Kc6 39.Rb8 Rxc7 40.Bxc7 Kxc7 41.Ra8 Bxe5 42.axb4 Bxf6 43.Rxa4 Kb6
44.Ra8 Be5 45.h3 Kb7 46.Rf8 f6 47.Re8 Kb6 48.Kc4  1-0

[Event "Rio Hondo"]
[Site "Rio Hondo"]
[Date "1987.??.??"]
[Round "7"]
[White "Polugaevsky, Lev"]
[Black "Ricardi, Pablo"]
[Result "1-0"]
[WhiteElo "2595"]
[BlackElo "2445"]

1.d4 Nf6 2.c4 g6 3.Nc3 d5 4.cxd5 Nxd5 5.e4 Nxc3 6.bxc3 Bg7 7.Bc4 O-O 8.Ne2 c5
9.Be3 Nc6 10.Rc1 cxd4 11.cxd4 Qa5+ 12.Kf1 Bg4 13.f3 Bd7 14.h4 Rac8 15.h5 e5
16.hxg6 hxg6 17.Bd2 Qd8 18.d5 Nd4 19.Nxd4 exd4 20.a4 a6 21.a5 Rxc4 22.Rxc4 Bb5
23.Qb3 f5 24.Kg1 fxe4 25.Rc5 exf3 26.d6+ Rf7 27.gxf3 Qxd6 28.Rc8+ Bf8 29.Kf2 Qe7
30.Bh6 Qe2+ 31.Kg3 Qe5+ 32.f4 Qe3+ 33.Qxe3 dxe3 34.Rg1 e2 35.Kf2 Bd3 36.Rd8 Bb5
37.Rxf8+ Rxf8 38.Bxf8 Kxf8 39.Rxg6 Kf7 40.Rb6 Bc6 41.Kxe2 Ke6 42.Ke3  1-0

[Event "FRA-ch"]
[Site "Rouen"]
[Date "1987.??.??"]
[Round "5"]
[White "Haik, Aldo"]
[Black "Bernard, Christophe"]
[Result "0-1"]
[WhiteElo "2445"]
[BlackElo "2330"]

1.d4 Nf6 2.c4 g6 3.Nc3 d5 4.cxd5 Nxd5 5.e4 Nxc3 6.bxc3 Bg7 7.Bc4 c5 8.Ne2 O-O
9.O-O Nc6 10.Be3 Qc7 11.Rc1 Rd8 12.Qd2 Qa5 13.Qb2 Qc7 14.Bf4 e5 15.Bg5 Re8
16.d5 Na5 17.Bb5 Bd7 18.Rb1 Bxb5 19.Qxb5 a6 20.Qd3 c4 21.Qd2 f6 22.Be3 b5
23.d6 Qc6 24.d7 Red8 25.Rfd1 Rab8 26.Qd6 Rb7 27.Qe7 Rdxd7 28.Qa3 Rxd1+ 29.Rxd1 Rd7
30.Rxd7 Qxd7 31.Ng3 Qc7 32.Qb2 Nb7 33.Nf1 Qc6 34.f3 Bf8 35.Kf2 Nc5 36.Ke2 Nd3
37.Qc2 a5 38.Nd2 Bc5 39.Nf1 f5 40.exf5 gxf5 41.a4 f4 42.Bd2 e4 43.axb5 exf3+
44.gxf3 Qg6 45.Qa2 Nc1+  0-1

[Event "FRA-ch"]
[Site "Rouen"]
[Date "1987.??.??"]
[Round "9"]
[White "Lautier, Joel"]
[Black "Bernard, Christophe"]
[Result "1-0"]
[WhiteElo "2290"]
[BlackElo "2330"]

1.d4 Nf6 2.c4 g6 3.Nc3 d5 4.cxd5 Nxd5 5.e4 Nxc3 6.bxc3 Bg7 7.Nf3 c5 8.Rb1 O-O
9.Be2 Nc6 10.d5 Ne5 11.Nxe5 Bxe5 12.Qd2 e6 13.f4 Bg7 14.c4 Re8 15.O-O exd5
16.exd5 Bd4+ 17.Kh1 Be3 18.Qc2 Bf5 19.Bd3 Bxd3 20.Qxd3 Bxc1 21.Rbxc1 Qd6
22.f5 Re5 23.Qg3 Rd8 24.Rce1 Rxf5 25.Rxf5 Qxg3 26.hxg3 gxf5 27.Re7 b5 28.cxb5 Rxd5
29.Rxa7 Rd1+ 30.Kh2 Rb1 31.a4 Rb4 32.Kg1 Rb2 33.Kf1 c4 34.Ke1 c3 35.Kd1 h5
36.Rb7 Ra2 37.Ra7 Rb2 38.Rc7 Rb4 39.Kc2 Rxa4 40.b6 Rb4 41.b7 Kg7 42.Kxc3 Rb1
43.Kc4 Kf6 44.Kc5 Rc1+ 45.Kd6 Rb1 46.Kc6 Ke6 47.Rc8 Rc1+ 48.Kb6 Rb1+ 49.Kc7 Rc1+
50.Kd8  1-0

[Event "ARG-ch"]
[Site "Salta"]
[Date "1987.??.??"]
[Round "4"]
[White "Schwanek, Carlos"]
[Black "Ricardi, Pablo"]
[Result "0-1"]
[WhiteElo "2300"]
[BlackElo "2445"]

1.d4 Nf6 2.c4 g6 3.Nc3 d5 4.cxd5 Nxd5 5.e4 Nxc3 6.bxc3 Bg7 7.Rb1 O-O 8.Nf3 c5
9.Be2 Nc6 10.d5 Ne5 11.Nxe5 Bxe5 12.Qd2 b6 13.f4 Bb7 14.c4 Bd4 15.Bb2 e5
16.Bxd4 cxd4 17.O-O Qe7 18.fxe5 Qxe5 19.Bf3 Rfe8 20.Rbd1 Ba6 21.Qxd4 Rac8
22.d6 Qxd4+ 23.Rxd4 Rxc4 24.Rxc4 Bxc4 25.Rc1 b5 26.a4 a6 27.axb5 axb5 28.d7 Rd8
29.Be2 Rxd7 30.Bxc4 Rc7 31.Bxf7+ Rxf7 32.Rb1 Rb7 33.Kf2 Kf7 34.Ke3 b4 35.Kd4 Ke6
36.Rb3 Kd6 37.Kc4 Ke5 38.Kc5 Rc7+ 39.Kb5 Rd7 40.Ka4 Rb7 41.Ka5 Rb8 42.Ka6 Kd4
43.e5 Kc4 44.Rb1 b3 45.Ka7 Re8  0-1

[Event "Sarajevo"]
[Site "Sarajevo"]
[Date "1987.??.??"]
[Round "?"]
[White "Polugaevsky, Lev"]
[Black "Sokolov, Ivan"]
[Result "1/2-1/2"]
[WhiteElo "2585"]
[BlackElo "2425"]

1.d4 Nf6 2.c4 g6 3.Nc3 d5 4.cxd5 Nxd5 5.e4 Nxc3 6.bxc3 Bg7 7.Bc4 c5 8.Ne2 O-O
9.Be3 Nc6 10.Rc1 cxd4 11.cxd4 Qa5+ 12.Kf1 Bg4 13.f3 Bd7 14.h4 Rfd8 15.h5 Be8
16.hxg6 hxg6 17.Kf2 Rac8 18.Bb3 Nb4 19.Rxc8 Rxc8 20.Qd2 Bb5 21.Nf4 Nd3+ 22.Nxd3 Qxd2+
23.Bxd2 Bxd3 24.Ke3 Bb5 25.d5 b6 26.f4 Bc3 27.Rb1 Bxd2+ 28.Kxd2 Rc5 29.g3 Bd7
30.e5 Bf5 31.Rc1 Rxc1 32.Kxc1 Kf8 33.Kd2 Ke8 34.Kc3 Kd7 35.Bd1 f6 36.g4 Bb1
37.a3 fxe5 38.fxe5 g5 39.Bc2 Bxc2 40.Kxc2 e6 41.d6 a6 42.Kc3 Kc6 43.a4 Kd7
44.Kd4 Kd8 45.Kc4 Kc8  1/2-1/2

[Event "Sochi"]
[Site "Sochi"]
[Date "1987.??.??"]
[Round "?"]
[White "Razuvaev, Yuri S"]
[Black "Lputian, Smbat G"]
[Result "1-0"]
[WhiteElo "2490"]
[BlackElo "2540"]

1.d4 Nf6 2.c4 g6 3.Nc3 d5 4.cxd5 Nxd5 5.e4 Nxc3 6.bxc3 Bg7 7.Bc4 c5 8.Ne2 O-O
9.O-O Nc6 10.Be3 Bg4 11.f3 Na5 12.Bd3 cxd4 13.cxd4 Be6 14.Rc1 Bxa2 15.Qa4 Be6
16.d5 Bd7 17.Qb4 e6 18.d6 Nc6 19.Qxb7 Rb8 20.Qc7 Rb3 21.Rfd1 Ne5 22.Qxd8 Rxd8
23.Bg5 f6 24.Bc2 Rb2 25.Bf4 a5 26.Bd2 a4 27.Bc3 Ra2 28.f4 Nc4 29.Bd3 Nxd6
30.e5 fxe5 31.fxe5 Ne4 32.Ba5 Rc8 33.Bc4 Bh6 34.Rxd7 Rxc4 35.Rxc4 Ra1+ 36.Nc1 Rxc1+
37.Rxc1 Bxc1 38.Bb4 Bb2 39.Rd8+ Kf7 40.Rd7+ Kg8 41.Rd8+ Kg7 42.Bd6 g5 43.Ra8 a3
44.Ra5 Bd4+ 45.Kf1 Nd2+ 46.Ke2 Nc4 47.Ra4 Bb2 48.Kd3 Nxe5+ 49.Kc2 Ng6 50.Bxa3 Be5
51.Ra7+ Kf6 52.Rxh7 Nh4 53.g4 Bxh2 54.Bb2+ e5 55.Kd3 Bf4 56.Ke4 Ng6 57.Ra7 Ke6
58.Ra6+ Kf7 59.Bc3 Kg7 60.Ba5 Kf7 61.Bd8 Nh4 62.Ra7+ Kg6 63.Bc7 Ng2 64.Bxe5 Bxe5
65.Kxe5 Nh4 66.Ra6+ Kg7 67.Ra7+ Kg6 68.Ra3 Kg7 69.Rb3 Kg6 70.Rb6+ Kg7 71.Rb3 Kg6
72.Rc3 Kg7 73.Rc1 Kg6 74.Rf1 Ng2 75.Rf6+ Kg7 76.Rf3 Kg6 77.Ke4 Kg7 78.Rf2 Nh4
79.Ke5 Kg6 80.Ke6 Kg7 81.Kd7 Kg6 82.Ke7 Kg7 83.Ke8 Ng6 84.Rf5 Nh4 85.Rf7+ Kg6
86.Kf8 Ng2 87.Re7 Kf6 88.Re4 Nf4 89.Kg8 Kg6 90.Re1 Kf6 91.Kh7 Nd3 92.Rf1+  1-0

[Event "Sochi"]
[Site "Sochi"]
[Date "1987.??.??"]
[Round "?"]
[White "Razuvaev, Yuri S"]
[Black "Lalic, Bogdan"]
[Result "1/2-1/2"]
[WhiteElo "2490"]
[BlackElo "2485"]

1.d4 Nf6 2.c4 g6 3.Nc3 d5 4.cxd5 Nxd5 5.e4 Nxc3 6.bxc3 Bg7 7.Bc4 c5 8.Ne2 O-O
9.O-O Nc6 10.Be3 Bg4 11.f3 cxd4 12.cxd4 Na5 13.Bd3 Be6 14.Rc1 Bxa2 15.Qa4 Be6
16.d5 Bd7 17.Qb4 e6 18.dxe6 Bxe6 19.Rfd1 Nc6 20.Qxb7 Nd4 21.Ba6 Nxe2+ 22.Bxe2 Qa5
23.Qa6 Qxa6 24.Bxa6 Rfb8 25.Rc7 Be5 26.Rc5 Bf6 27.Rc7 Rb3  1/2-1/2

[Event "Rilton Cup"]
[Site "Stockholm"]
[Date "1987.??.??"]
[Round "?"]
[White "Haik, Aldo"]
[Black "Ristic, Nenad"]
[Result "1/2-1/2"]
[WhiteElo "2445"]
[BlackElo "2385"]

1.d4 Nf6 2.c4 g6 3.Nc3 d5 4.cxd5 Nxd5 5.e4 Nxc3 6.bxc3 Bg7 7.Bc4 O-O 8.Ne2 Nc6
9.O-O e5 10.Ba3 Re8 11.Bxf7+ Kxf7 12.Qb3+ Be6 13.d5 Na5 14.dxe6+ Rxe6 15.Qa4 c6
16.Rad1 Qc7 17.Rd3 b5 18.Qc2 Kg8 19.Rfd1 Bf8 20.Bxf8 Rxf8 21.f3 Nc4 22.Qc1 Rd6
23.Rxd6 Nxd6 24.Qg5 Nf7 25.Qf6 Rd8 26.Rxd8+ Nxd8 27.f4 exf4 28.e5 Qb6+ 29.Kf1 c5
30.Qe7 Ne6 31.h4 Qc6 32.Kf2 a5 33.a3 c4 34.Nd4 Nxd4 35.cxd4 Qd5 36.Qe8+ Kg7
37.Qe7+ Kg8 38.Qe8+ Kg7 39.Qe7+  1/2-1/2

[Event "Rilton Cup"]
[Site "Stockholm"]
[Date "1987.??.??"]
[Round "?"]
[White "Zueger, Beat"]
[Black "Kyhle, Bo"]
[Result "1-0"]
[WhiteElo "2405"]
[BlackElo "2305"]

1.d4 Nf6 2.c4 g6 3.Nc3 d5 4.cxd5 Nxd5 5.e4 Nxc3 6.bxc3 Bg7 7.Bc4 c5 8.Ne2 Nc6
9.Be3 O-O 10.O-O Qc7 11.Rb1 Rd8 12.Bf4 e5 13.Bg5 Rd6 14.d5 a6 15.Bd3 Na5
16.c4 b6 17.Bd2 Nb7 18.Rb3 Bd7 19.Qb1 Ba4 20.Ra3 Bd7 21.Rc1 f6 22.Rc2 Bf8
23.Rb2 Be7 24.Nc3 Bd8 25.h3 Qc8 26.Be2 Bc7 27.Na4 Bxa4 28.Rxa4 Qe8 29.Ra3 Rdd8
30.Rxb6 Bxb6 31.Qxb6 Qe7 32.Rb3 Rd7 33.Bg4 Rc7 34.Ba5 Nxa5 35.d6 Rc6 36.dxe7 Rxb6
37.Rxb6 Kf7 38.Be6+ Kxe7 39.Bd5 Ra7 40.Re6+ Kd8 41.Rxf6 Re7 42.Rxa6 Nb7 43.Ra8+ Kc7
44.Ra7  1-0

[Event "Rilton Cup"]
[Site "Stockholm"]
[Date "1987.??.??"]
[Round "?"]
[White "Haik, Aldo"]
[Black "Markovic, Miroslav"]
[Result "1-0"]
[WhiteElo "2445"]
[BlackElo "2255"]

1.d4 Nf6 2.c4 g6 3.Nc3 d5 4.cxd5 Nxd5 5.e4 Nxc3 6.bxc3 Bg7 7.Bc4 O-O 8.Ne2 c5
9.O-O cxd4 10.cxd4 Nc6 11.Be3 Bg4 12.f3 Na5 13.Bb3 Bd7 14.Rb1 b6 15.Qd2 Nxb3
16.Rxb3 Qc7 17.Rc1 Qb7 18.Qb4 e6 19.Nc3 Rfc8 20.d5 Bf8 21.Qd4 Bg7 22.Qd3 exd5
23.Nxd5 Be6 24.Rbb1 Rd8 25.Rd1 Rd7 26.a4 Qc6 27.Rb5 Rc8 28.a5 bxa5 29.Rxa5 h5
30.Rxa7 Rxa7 31.Bxa7 Bxd5 32.exd5 Qa4 33.Bf2 Qc2 34.Qxc2 Rxc2 35.d6 Bf6 36.d7 Bd8
37.g4 Kh7 38.g5 Ra2 39.Bd4 Ra8 40.Bf6 h4 41.Kg2 Bxf6 42.gxf6 Rd8 43.f4 Kh6
44.Rd5  1-0

[Event "URS-FL"]
[Site "Sverdlovsk"]
[Date "1987.??.??"]
[Round "?"]
[White "Kharitonov, Andrei Y"]
[Black "Yermolinsky, Alex"]
[Result "1/2-1/2"]
[WhiteElo "2450"]
[BlackElo "2445"]

1.d4 Nf6 2.c4 g6 3.Nc3 d5 4.cxd5 Nxd5 5.e4 Nxc3 6.bxc3 Bg7 7.Bc4 c5 8.Ne2 Nc6
9.Be3 cxd4 10.cxd4 b5 11.Bxb5 Qa5+ 12.Nc3 Qxc3+ 13.Bd2 Qxd4 14.Bxc6+ Bd7
15.Bxa8 Qxa1 16.Qxa1 Bxa1 17.O-O O-O 18.Rxa1 Rxa8 19.f3  1/2-1/2

[Event "Armed Forces-ch "]
[Site "Sverdlovsk"]
[Date "1987.??.??"]
[Round "?"]
[White "Vyzmanavin, Alexey"]
[Black "Lputian, Smbat G"]
[Result "1-0"]
[WhiteElo "2485"]
[BlackElo "2500"]

1.d4 Nf6 2.c4 g6 3.Nc3 d5 4.cxd5 Nxd5 5.e4 Nxc3 6.bxc3 Bg7 7.Bc4 O-O 8.Ne2 c5
9.O-O Nc6 10.Be3 Qc7 11.Rc1 Rd8 12.Bf4 Qd7 13.d5 Na5 14.Bd3 e5 15.Bg5 f6
16.Be3 Qe7 17.Ng3 Kh8 18.c4 b6 19.f4 exf4 20.Bxf4 Nb7 21.h4 Nd6 22.e5 fxe5
23.Bg5 Qc7 24.h5 e4 25.Nxe4 Nf5 26.Qf3 Re8 27.d6 Qb7 28.hxg6 Bd4+ 29.Kh2 hxg6
30.g4 Be5+ 31.Kg2 Nd4 32.Qh3+ Qh7 33.Qxh7+ Kxh7 34.d7 Bxd7 35.Rf7+ Kg8 36.Rxd7 Ne6
37.Bf6 Nf4+ 38.Kf3  1-0

[Event "URS Army-ch"]
[Site "Tashkent"]
[Date "1987.??.??"]
[Round "?"]
[White "Nenashev, Alexander"]
[Black "Vyzmanavin, Alexey"]
[Result "0-1"]
[WhiteElo "2420"]
[BlackElo "2485"]

1.d4 Nf6 2.c4 g6 3.Nc3 d5 4.cxd5 Nxd5 5.e4 Nxc3 6.bxc3 Bg7 7.Bc4 c5 8.Ne2 Nc6
9.O-O O-O 10.Be3 Bg4 11.f3 Na5 12.Bd3 cxd4 13.cxd4 Be6 14.Qa4 a6 15.d5 b5
16.Qb4 Bxa1 17.Rxa1 Bd7 18.Qd4 f6 19.e5 fxe5 20.Qxe5 Qb8 21.Qxe7 Re8 22.Qc5 Nb7
23.Qc1 Nd6 24.Ng3 Bf5 25.Bxf5 Nxf5 26.Nxf5 gxf5 27.Qd2 Qe5 28.Bd4 Qd6 29.Rd1 Rac8
30.h3 f4 31.Ba1 Rc4 32.Qb2 Qg6 33.g4 Rc2 34.Qd4 Rc4 35.Qa7 Qf7 36.Qf2 Rec8
37.Qb2 Rc3 38.Kh1 b4 39.d6 Qb7 40.Qe2 Re3 41.Qg2 Rd8 42.Rf1 Qb5 43.Bd4 Re2
44.Rf2 Re1+ 45.Kh2 Rxd6 46.Bb2 Rdd1 47.g5 Qc5  0-1